Vista normal
Vista MARC
Entrada Topical Term
Número de registros utilizados en: 1
001 - CONTROL NUMBER
- control field: 14001
003 - CONTROL NUMBER IDENTIFIER
- control field: OSt
005 - DATE AND TIME OF LATEST TRANSACTION
- control field: 20210226113018.0
008 - FIXED-LENGTH DATA ELEMENTS
- fixed length control field: 210226|| aca||aabn | a|a d
040 ## - CATALOGING SOURCE
- Original cataloging agency: OSt
- Transcribing agency: OSt
150 ## - HEADING--TOPICAL TERM
- Topical term or geographic name entry element: Huelga de las bananeras (Colombia)
- Form subdivision: novela
- Chronological subdivision: 1928
670 ## - SOURCE DATA FOUND
- Source citation: Work cat.: (OSt): Cepeda Samudio, Álvaro, autor 14000, La casa grande / , 1997